LEADER 01632nam a2200349 a 4500 001 000000172696 003 CaOOAMICUS 005 20190930110002.0 008 190930s2013 it ao 000 u ita r 020 $a978-88-6030-621-0* 032 $aLibriCat 040 $aPUL$bita 082 14$a612.8 100 1 $aChangeux, Jean Pierre.$0(OLS)http://pul/name/50721 240 10$aDu vrai, du beau, du bien :$bune nouvelle approche neuronale.$0(OLS)http://pul/title/213689 245 03$aIl bello, il buono, il vero : $bun nuovo approccio neuronale / $cJean-Pierre Changeux ; edizione italiana a cura di Chiara Cappelletto. 260 $aMilano :$bRaffaello Cortina,$c©2013. 300 $a385 p. :$bill., foto ;$c22 cm. 490 1 $aScienza e idee ;$v240 504 $aBibliografia alle p. 349-361. 650 4$aNeuroscienze ed estetica.$0(OLS)http://pul/subject/46134 650 4$aCervello$xFunzionamento.$0(OLS)http://pul/subject/25954 700 1 $aCappelletto, Chiara.$0(OLS)http://pul/name/76109 830 0$aScienza e idee (Raffaello Cortina) ;$v240.$0(OLS)http://pul/title/60185 850 $aPUL 852 $aPUL$W1$xSL Cons. Gen., Altre Classi 3$y75$m612. 8 CHAJE 1$j196641$qDDC 21$B201415$CPULBib$Z2$F201415 $H133551 $81 941 1 $a9 996 $6020$a978-88-6030-621-0*$9(OLS)http://pul/number/166754 996 $6082$a612.8$9(OLS)http://pul/classification/2270 996 $6245$aIl bello, il buono, il vero : $bun nuovo approccio neuronale / $9(OLS)http://pul/title/213690 996 $6260$aMilano :$bRaffaello Cortina$9(OLS)http://pul/publisher/63509 LEADER 01591nam a2200325 a 4500 001 000000174257 003 CaOOAMICUS 005 20210205125207.0 008 210205s2019 vc 000 u spa r 020 $a978-88-266-0300-1* 032 $aLibriCat 040 $aPUL$bita 082 04$a270.8 245 03$aLa irrupción de los movimientos populares : $b"Rerum Novarum" de nuestro tiempo / $cAutores varios ; editado por Guzman Carriquiry Lecour, Gianni La Bella. 260 $aCittà del Vaticano :$bLibreria editrice vaticana,$c©2019. 300 $a341 p. ;$c21 cm 500 $aIn testa al front: Pontificia Comisión para América latina 650 4$aMovimenti ecclesiali$ySec. XXI.$0(OLS)http://pul/subject/35473 651 4$aAmerica Latina$xPolitica e religione.$0(OLS)http://pul/subject/36858 700 1 $aCarriquiry Lecour, Guzmán.$0(OLS)http://pul/name/48797 700 1 $aLa Bella, Gianni.$0(OLS)http://pul/name/23491 710 2 $aPontificia commissione per l'America Latina.$0(OLS)http://pul/name/9830 850 $aPUL 852 $aPUL$W1$xSL Religione 3$y85$m270. 8 PCAM 1$j198570$qDDC 21$B203177$CPULBib$Z2$F203177 $H134707 $82 941 1 $a9 996 $6020$a978-88-266-0300-1*$9(OLS)http://pul/number/167989 996 $6082$a270.8$9(OLS)http://pul/classification/399 996 $6245$aLa irrupción de los movimientos populares : $b"Rerum Novarum" de nuestro tiempo / $9(OLS)http://pul/title/215483 996 $6260$aCittà del Vaticano :$bLibreria editrice vaticana$9(OLS)http://pul/publisher/47920